000
00312nam a22001457a 4500
003
SGT
082
_a
370
_b
C05S
100
_a
SHARMA, ADITI
245
_a
CONTEMPORARY TEACHING OF COMMERCE
250
_a
1ST
260
_a
NEW DELHI
_b
SURJEET PUB
_c
2005
300
_a
547
650
_a
EDUCATION
942
_2
ddc
_c
BK
999
_c
12199
_d
12199